K právnej úprave zmenky

Zmenka z pohľadu jej právneho vymedzenia. Vybrané inštitúty zmenkového práva.

Na minha lista:
Detalhes bibliográficos
Autor principal: Holub, Dušan
Formato: Capítulo de Livro
Idioma:eslovaco
Assuntos:
Tags: Adicionar Tag
Sem tags, seja o primeiro a adicionar uma tag!

MARC

LEADER 00000naa a2200000 4500
001 0212001
005 20240502073533.1
041 0 |a slo 
044 |a SK 
245 1 0 |a K právnej úprave zmenky  |c Dušan Holub 
520 |a Zmenka z pohľadu jej právneho vymedzenia. Vybrané inštitúty zmenkového práva. 
610 2 0 |a úpravy právne 
610 2 0 |a zmenky 
610 2 0 |a právo zmenkové a šekové 
610 2 0 |a právo obchodné 
100 1 |a Holub, Dušan